| 000 | 00443nam a2200169 i 4500 | ||
|---|---|---|---|
| 001 | bg | ||
| 245 | 0 |
_aFizika aerodispersnych sistem / _cPod red. Ju. S. Sedunova [i in.]. |
|
| 260 |
_aMoskwa : _bGidrometeoizdat, _c1972. |
||
| 300 |
_as. 135 : _bilustr. |
||
| 500 | _aTrudy. Vyp. 30. | ||
| 700 | 1 |
_aSEDUNOV, Ju. S. _eRed. |
|
| 040 | _cBPK | ||
| 041 | _apol | ||
| 080 | _a551.576 | ||
| 942 | _cKS | ||
| 008 | s pl f |000 0 pol | ||
| 999 |
_c14368 _d14368 |
||
| 856 |
_uhttp://koha.tu.koszalin.pl/cgi-bin/koha/opac-detail.pl?biblionumber=14368 _yKatalog online BPK |
||